Living with Diabetes: (Record no. 164853)

MARC details
000 -LEADER
fixed length control field 00493nam a22001817a 4500
005 - DATE AND TIME OF LATEST TRANSACTION
control field 20190528163751.0
010 ## - LCCN (DPL NO)
LC control number ENG-125344
020 ## - INTERNATIONAL STANDARD BOOK NUMBER
International Standard Book Number 9789384061623
Terms of availability 499.00
035 ## - SYSTEM CONTROL NUMBER
System control number EN-108876
037 ## - SOURCE OF ACQUISITION
Source of stock number/acquisition DBAD/PUB
082 ## - DEWEY DECIMAL CLASSIFICATION NUMBER
Classification number 616.462
245 ## - TITLE STATEMENT
Title Living with Diabetes:
Remainder of title and how to beat it
260 ## - PUBLICATION, DISTRIBUTION, ETC. (IMPRINT)
Place of publication, distribution, etc Mumbai
Name of publisher, distributor, etc TV 18 Broadcast
Date of publication, distribution, etc 2017
270 ## - ADDRESS
Address TV 18 Broadcast
City Mumbai
Postal code 400031
300 v# - PHYSICAL DESCRIPTION
Extent 152p.
Dimensions 21cm(Hb)
500 ## - GENERAL NOTE
General note ill.
942 ## - ADDED ENTRY ELEMENTS (KOHA)
Source of classification or shelving scheme Dewey Decimal Classification
Item type English Books
Call number suffix LIV
Classification part 616.462
Holdings
Withdrawn status Lost status Not for loan Collection code Home library Current library Date acquired Source of acquisition Cost, normal purchase price Full call number Barcode Copy number Cost, replacement price Koha item type
      Non-fiction Patel Nagar Patel Nagar 28/05/2019 DBAD/PUB 499.00 616.462 LIV EN-108876 1 499.00 English Books

© Delhi Public Library
Hit Counter
free hit counter